Hong Kong :T & F and Multiple Choice - Statistics

General Stats
  • This quiz has been taken 33 times
  • The average score is 6 of 10
Answer Stats
Question Answer % Correct
When did Hong Kong’s Disneyland opened to the public? 2005
100%
Who is leading Hong Kong now? Lee Ka Chiu
100%
Who rules Hong Kong before 1997? The UK
100%
Which is a famous food in Hong Kong ? Curry Fish Balls
50%
Hong Kong is linked to Macau with a sea-crossing bridge called the Hong Kong-Macau bridge False
50%
The closest country to Hong Kong is Vietnam False
50%
Which of the following 4 areas in Hong Kong is the biggest? The New Territories
50%
It is normal to find an apartment in Hong Kong with no fourth floor. True
50%
How big is Hong Kong? 100-150 km2
0%
YuenLong is the place where people can go to Shenzhen(another city in Guangdong Province). False
0%
No matching quizzes found
Score Distribution
Percent of People with Each Score
Percentile by Number Answered
Your Score History
You have not taken this quiz